000 00872nam a2200253Ia 4500
003 OSt
005 20220926020301.0
006 a|||||r|||| 00| 0
007 ta
008 220923b |||||||| |||| 00| 0 eng d
020 _c7110.8500000000004
037 _bRKBA\ 09-10 \ 04666, 29/06/2012, RAJKIRAN BOOK AGENCY
_cGeneral Book
040 _aRTL
_cRTL
_beng
041 _2eng
_aeng
082 _aY9(X991).791, P3
100 _aMartin Pamela. L
_9275609
245 0 _aGlobalization of contentious politics
_b The amazonian indigenous rights movement
260 _aNew York
_bRoutledge
_c2003
300 _axiii, 166p
_ccm.
490 _aindigenous people and politics
650 _aSociology
942 _hY9(X991).791, P3
_cGB
_2CC
999 _c633853
_d633853